LEADER 00910nam a2200241 i 4500 001 000000159059 003 CaOOAMICUS 005 20070216000000.0 008 070216s1962 it u000 u und u 013 $a136422 040 $aSeMil$bita 100 1 $aHarrington, David.$0(OLS)http://semarc/name/41673 245 10$aMolti motivi per non farsi prete /$cDavid Harrington. 260 $aAlba :$bPaoline,$c1962. 300 $a117 p. ;$c17 cm. 490 0 $aUt innotescat ;$v30 650 4$aPresbiterato.$0(OLS)http://semarc/subject/2315 830 0$aUt innotescat ;$v30.$0(OLS)http://semarc/title/6185 850 $aSeMil 852 $aSeMil$W1$xVenegono$y1$m3G I 175$j110645$B110645$CSeMilBibl$Z2$F123103 $81 961 $aLascito: Dugnani mons. Ferruccio 996 $6245$aMolti motivi per non farsi prete$9(OLS)http://semarc/title/140836 996 $6260$aAlba :$bPaoline$9(OLS)http://semarc/publisher/29692 LEADER 01245nam a2200289 i 4500 001 000000106907 003 CaOOAMICUS 005 20031117000000.0 008 031117s1964 it u000 u ita u 013 $a79102 040 $aSeMil$bita 100 1 $aBraido, Pietro,$c.$0(OLS)http://semarc/name/4486 245 13$aIl sistema preventivo di don Bosco /$cPietro Braido. 250 $a2. ed. 260 $aZürich :$bPAS Verlag,$c1964. 300 $a418 p., [1] ritr. ;$c25 cm. 490 0 $aEnciclopedia delle scienze dell'educazione ;$v29 500 $aFondo Card. C.M. Martini. 650 4$aBosco, Giovanni - Pensiero pedagogico.$0(OLS)http://semarc/subject/2508 650 4$aBosco, Giovanni - Sistema preventivo.$0(OLS)http://semarc/subject/10546 830 0$aEnciclopedia delle scienze dell'educazione ;$v29.$0(OLS)http://semarc/title/7575 850 $aSeMil 852 $aSeMil$W1$xVenegono$y1$m2Q III 151$j63004$B63004$CSeMilBibl$Z2$F72265 $81 941 1 $a4 961 $aOmaggio: Martini Card. Carlo Maria 996 $6245$aIl sistema preventivo di don Bosco$9(OLS)http://semarc/title/155061 996 $6260$aZürich :$bPAS Verlag$9(OLS)http://semarc/publisher/29699